BIBLIOTECA

SENCICO

Simbología y normatividad para habilitaciones urbanas, urbanizaciones y lotizaciones / (Registro nro. 4434)

Detalles MARC
000 -LEADER
fixed length control field 01034nam a22002417a 4500
003 - CONTROL NUMBER IDENTIFIER
control field PE SENCICO BE
005 - DATE AND TIME OF LATEST TRANSACTION
control field 20251020182646.0
008 - FIXED-LENGTH DATA ELEMENTS--GENERAL INFORMATION
fixed length control field 231113b |||||||| |||| 00| 0 eng d
040 ## - CATALOGING SOURCE
Original cataloging agency PE SENCICO BE
Transcribing agency PE SENCICO BE
041 ## - LANGUAGE CODE
Language code of text/sound track or separate title spa
084 ## - OTHER CLASSIFICATION NUMBER
Classification number I
-- DIB
-- 2012
Item number B38
100 1# - MAIN ENTRY--PERSONAL NAME
9 (RLIN) 1778
Personal name Bendezu Tito, Mirta Juliana
Relator term autor
245 1# - TITLE STATEMENT
Title Simbología y normatividad para habilitaciones urbanas, urbanizaciones y lotizaciones /
Statement of responsibility, etc. Mirta Juliana Bendezu Tito
260 ## - PUBLICATION, DISTRIBUTION, ETC.
Place of publication, distribution, etc. Lima :
Date of publication, distribution, etc. 2012
300 ## - PHYSICAL DESCRIPTION
Extent 79 h. :
Other physical details il. col., tabls. ;
Dimensions 30 cm.
502 ## - DISSERTATION NOTE
Dissertation note Monografía de Titulación.-- Servicio Nacional de Capacitación para la Industria de la Construcción. Escuela Superior Técnica. Carrera Profesional Técnica en Dibujo en Construcción Civil, 2012.
650 10 - SUBJECT ADDED ENTRY--TOPICAL TERM
9 (RLIN) 528
Topical term or geographic name entry element Planificación urbana
650 20 - SUBJECT ADDED ENTRY--TOPICAL TERM
9 (RLIN) 762
Topical term or geographic name entry element Diseño urbano
650 20 - SUBJECT ADDED ENTRY--TOPICAL TERM
9 (RLIN) 1779
Topical term or geographic name entry element Urbanización
710 1# - ADDED ENTRY--CORPORATE NAME
Corporate name or jurisdiction name as entry element Servicio Nacional de Capacitación para la Industria de la Construcción.
Subordinate unit Escuela Superior Técnica
9 (RLIN) 1065
910 ## - USER-OPTION DATA (OCLC)
-- hfp
-- hfp
942 ## - ADDED ENTRY ELEMENTS (KOHA)
Koha item type Monografía de Titulación
Existencias
Fecha de la última vez que lo usaron Número de ingreso o de inventario Pago total Signatura topográfica completa Código de barras Precio efectivo desde Tipo de documento Estado perdido Estado dañado No es para préstamo Retirado Ubicación permanente Ubicación actual Fecha de adquisición
13/11/2023 I-00258   I/DIB/2012/B38 BibLima23110021 13/11/2023 Monografía de Titulación         Biblioteca Central Lima Biblioteca Central Lima 13/11/2023